Online
Catalog

Tú y el tiempo : (Record no. 10627)

MARC details
000 -CABECERA
campo de control de longitud fija 01167cam a2200313 a 4500
001 - NÚMERO DE CONTROL
campo de control 000010879
005 - FECHA Y HORA DE LA ÚLTIMA TRANSACCIÓN
campo de control 20200929162318.0
008 - DATOS DE LONGITUD FIJA--INFORMACIÓN GENERAL
campo de control de longitud fija 840830s1956 sp ab 001 0 spa d
040 ## - FUENTE DE LA CATALOGACIÓN
Centro catalogador/agencia de origen DO-SdBNP
Centro/agencia transcriptor CarP
Centro/agencia modificador DLC
-- BNPHU
041 17 - CÓDIGO DE LENGUA
Código de lengua del texto/banda sonora o título independiente spa
Código de lengua original ger
Fuente del código Código de idioma MARC
046 ## - FECHAS CON CODIFICACIÓN ESPECIAL
Código de tipo de fecha BNGR
082 ## - NÚMERO DE LA CLASIFICACIÓN DECIMAL DEWEY
Número de clasificación 551.5
Número de documento/Ítem F593t, 1956
100 1# - ENTRADA PRINCIPAL--NOMBRE DE PERSONA
Nombre de persona Flechtner, Hans Joachim,
Fechas asociadas al nombre 1902-
9 (RLIN) 26238
240 00 - TÍTULO UNIFORME
Título uniforme Du und das wetter,
Lenguaje de la obra Español.
245 10 - MENCIÓN DE TÍTULO
Título Tú y el tiempo :
Resto del título visión de la moderna meteorología y de sus principios científicos /
Mención de responsabilidad, etc. Hans-Joachim Flechtner ; traducción de Francisco Biosca, José María Vidal Llenas.
250 ## - MENCIÓN DE EDICIÓN
Mención de edición 2a ed. actualizada y ampliada
260 ## - PUBLICACIÓN, DISTRIBUCIÓN, ETC.
Lugar de publicación, distribución, etc. Barcelona :
Nombre del editor, distribuidor, etc. Labor,
Fecha de publicación, distribución, etc. 1956.
300 ## - DESCRIPCIÓN FÍSICA
Extensión 420 p. :
Otras características físicas il., mapas ;
Dimensiones 22 cm.
490 1# - MENCIÓN DE SERIE
Mención de serie Libros de hoy
500 ## - NOTA GENERAL
Nota general Incluye índice
534 ## - NOTA SOBRE LA VERSIÓN ORIGINAL
Frase introductoria Título orignal en alemán:
Mención de título del original Flechtner, du und das wetter,
650 #4 - PUNTO DE ACCESO ADICIONAL DE MATERIA--TÉRMINO DE MATERIA
Término de materia o nombre geográfico como elemento de entrada Meteorología
9 (RLIN) 3251
650 #4 - PUNTO DE ACCESO ADICIONAL DE MATERIA--TÉRMINO DE MATERIA
Término de materia o nombre geográfico como elemento de entrada Estado atmosférico
9 (RLIN) 26239
650 #4 - PUNTO DE ACCESO ADICIONAL DE MATERIA--TÉRMINO DE MATERIA
Término de materia o nombre geográfico como elemento de entrada Climatología
9 (RLIN) 3253
700 1# - PUNTO DE ACCESO ADICIONAL--NOMBRE DE PERSONA
Nombre de persona Biosca, Francisco,
Término indicativo de función/relación tr.
9 (RLIN) 26240
700 1# - PUNTO DE ACCESO ADICIONAL--NOMBRE DE PERSONA
Nombre de persona Vidal Llenas, José María,
Término indicativo de función/relación tr.
9 (RLIN) 26241
830 #0 - PUNTO DE ACCESO ADICIONAL DE SERIE-TÍTULO UNIFORME
Título uniforme Libros de hoy
9 (RLIN) 26242
910 ## - DATOS DE OPCIÓN DEL USUARIO (OCLC)
Datos de opción del usuario Catalogación derivada
Holdings
Estado de retiro Estado de pérdida Restricciones de uso No para préstamo Código de colección Localización permanente Ubicación/localización actual Ubicación en estantería Fecha de adquisición Número de inventario Total de préstamos Signatura topográfica completa Código de barras Fecha visto por última vez Número de copia Precio válido a partir de Tipo de ítem Koha
    Préstamo restringido Préstamo restrigido Monografías: Libros y Folletos General General En encuadernación 12.10.2009 LF1   551.5 F593t, 1956 10879-10 25.06.2020 e. 1 25.06.2020 Préstamo interno

Powered by Koha